| 000 | 00973nam a22001937a 4500 | ||
|---|---|---|---|
| 999 |
_c62863 _d62863 |
||
| 003 | Ge_BSU | ||
| 005 | 20250311122631.0 | ||
| 008 | 250311s1938 ge ||||| |||| 00| 0 geo d | ||
| 041 | _ageo | ||
| 080 | _a611(075.8) +612(075.8) რ-18 | ||
| 100 |
_aრაზუმკოვი, ვ.პ. _924512 |
||
| 245 |
_aადამიანის ანატომიის და ფიზიოლოგიის სახელმძღვანელო / _cვ.პ. რაზუმოვსკი ; თარგმანი მე-4 რუსული გამოცემიდან ნ.ნ. წუწუნავასი. |
||
| 264 |
_aთბილისი : _bსაქმედგამი, _c1938. |
||
| 300 |
_a356 გვ. : _b სურ. ; _c25 სმ. |
||
| 653 | _aადამიანის ანატომია | ||
| 653 | _aადამიანის ფიზიოლოგია | ||
| 653 | _aმედიცინა | ||
| 942 |
_2udc _cᲬᲘᲒᲜᲘ |
||